Katseye - Katseye Songs Sudden Death - Statistics

General Stats
  • This quiz has been taken 299 times
  • The average score is 7 of 8
Answers on the Grid
Answers color-coded by a green-red scale on the quiz's grid according to % correct below.
Gnarly
My Way
Touch
Cruel Summer
Cats
Eyekons
I'm Pretty
Tonight I Might
Deja Vu
Tears
Mean Girls
M.I.A.
Man I Need
Bittersweet
Flame
Zucchini
 
Answer Stats
Answer % Correct
M.I.A.
93%
Gnarly
91%
Touch
91%
Mean Girls
89%
My Way
86%
I'm Pretty
85%
Tonight I Might
85%
Flame
73%
No matching quizzes found
Score Distribution
Percent of People with Each Score
Percentile by Number Answered
Your Score History
You have not taken this quiz